Bratislava barokový "Michalský most" a bolverkové predbránie z r. 1445, súčasť obranného systému Michalskej veže, prestavané r. 1712

Bibliographic Details
Other Authors: Paul, Petr, 1945- (Photographer)
Format: Postcard
Language:Slovak
PhysicalDescription:1 pohľadnica farebná 11 x 15 cm
Published: Bratislava [Epocha] [s.a.]
Subjects:

MARC

LEADER 00000nkm a2200000 a 4500
001 vtls010859968
003 SK-MaSNL
005 20260512125641.0
007 kp co
008 231214n xo g 00 kuslo
015 |a SNBG 
035 |a EE452CFB-4E45-4D63-A2BF-AB9813B71550 
035 |a urn:nbn:sk:snk-kmy0kw 
035 |a urn:nbn:sk:snk-km007x4f 
040 |a SNK  |b slo  |c SNK  |e AACR2 
041 0 |a slo 
043 |a e-xo--- 
044 |a xo  |c SK 
080 |a 913(437.6)  |2 2001 
080 |a (084.121)  |2 2001 
100 1 |a Paul, Petr,  |d 1945-  |4 pht  |9 181505 
245 1 0 |a Bratislava  |h grafika  |b barokový "Michalský most" a bolverkové predbránie z r. 1445, súčasť obranného systému Michalskej veže, prestavané r. 1712  |c Foto Peter Paul 
260 |a Bratislava  |b [Epocha]  |c [s.a.] 
300 |a 1 pohľadnica  |b farebná  |c 11 x 15 cm 
650 0 7 |a Michalská veža (Bratislava, Slovensko)  |2 SNKPH  |9 192633 
651 7 |a Bratislava (Slovensko)  |2 SNKPH  |9 14568 
655 7 |a miestne pohľadnice  |2 SNKPH  |9 70510 
852 |a Slovenská národná knižnica 
958 |a GC 
958 |a GBN 
958 |a OND 
999 |c 1099786  |d 1101716 
952 |a SNK  |b SNK  |y PREZ  |7 0  |p 17A1078788  |o snkSP 1325  |0 0  |1 0  |4 0  |d 2015-08-12  |f 1  |l 0  |r 2026-02-24 17:26:56  |w 2026-02-24